| 000 | 00808cam a2200241 a 4500 | ||
|---|---|---|---|
| 001 | 11974134 | ||
| 005 | 20180308072230.0 | ||
| 008 | 000413s2000 nyu b 001 0 eng | ||
| 010 | _a 00009092 | ||
| 020 | _a0801437717 (cloth : alk. paper) | ||
| 040 |
_aDLC _cDLC _dDLC |
||
| 041 | _aeng | ||
| 043 | _an-us--- | ||
| 080 | _a306.38/0973 JOE | ||
| 082 | 0 | 0 |
_a306.38/0973 JOE _221 |
| 100 | 1 | _a49 | |
| 101 | _aSOC | ||
| 245 | 1 | 0 |
_aBreaking the watch : _cJoel S. Savishinsky. |
| 504 | _aIncludes bibliographical references (p. [265]-277) and index. | ||
| 906 |
_a7 _bcbc _corignew _d1 _eecip _f20 _gy-gencatlg |
||
| 942 |
_2ddc _cBK |
||
| 999 |
_c44471 _d44471 |
||